TOP 10 Premier League depuis 2014-15 - Statistiques

Statistiques générales
  • Ce quiz a été pris 1 219 fois
  • Le résultat moyen est 69 sur 80
Statistiques - réponses
Hint Réponse % Correct
2eme Manchester City
100%
4eme Manchester City
100%
3eme Manchester City
100%
1er Manchester City
100%
1er Manchester City
100%
2eme Manchester City
100%
1er Manchester City
100%
1er Manchester City
100%
4eme Manchester United
100%
5eme Manchester United
100%
6eme Manchester United
100%
2eme Manchester United
100%
6eme Manchester United
100%
3eme Manchester United
100%
2eme Manchester United
100%
6eme Manchester United
100%
1er Chelsea
99%
10eme Chelsea
99%
1er Chelsea
99%
5eme Chelsea
99%
3eme Chelsea
99%
4eme Chelsea
99%
4eme Chelsea
99%
3eme Chelsea
99%
6eme Liverpool
99%
8eme Liverpool
99%
4eme Liverpool
99%
4eme Liverpool
99%
2eme Liverpool
99%
1er Liverpool
99%
3eme Liverpool
99%
2eme Liverpool
99%
3eme Arsenal
98%
2eme Arsenal
98%
5eme Arsenal
98%
6eme Arsenal
98%
5eme Arsenal
98%
8eme Arsenal
98%
8eme Arsenal
98%
5eme Arsenal
98%
5eme Tottenham
95%
3eme Tottenham
95%
2eme Tottenham
95%
3eme Tottenham
95%
4eme Tottenham
95%
6eme Tottenham
95%
7eme Tottenham
95%
4eme Tottenham
95%
1er Leicester
94%
9eme Leicester
94%
9eme Leicester
94%
5eme Leicester
94%
5eme Leicester
94%
8eme Leicester
94%
7eme West Ham
83%
10eme West Ham
83%
6eme West Ham
83%
7eme West Ham
83%
10eme Newcastle
81%
7eme Everton
80%
7eme Everton
80%
8eme Everton
80%
10eme Everton
80%
9eme Brighton
72%
7eme Wolverhampton
72%
7eme Wolverhampton
72%
10eme Wolverhampton
72%
10eme Crystal Palace
63%
9eme Leeds
61%
7eme Southampton
57%
6eme Southampton
57%
8eme Southampton
57%
8eme Burnley
48%
10eme Burnley
48%
9eme Bournemouth
42%
9eme Stoke City
30%
9eme Stoke City
30%
8eme Swansea
28%
10eme West Bromwich Albion
26%
9eme Sheffield United
21%
Aucun quiz correspondant
Distribution des résultats
% des personnes avec chaque résultat
Percentile par nombre de réponses
Votre historique - résultats
Vous n’avez pas pris ce quiz